| 000 | 00504cam a22001697a 4500 | ||
|---|---|---|---|
| 008 | 180718b1999 xxu||||| |||| 00| 0 eng d | ||
| 020 | _a8186641130 | ||
| 082 | _aB3x54 C392 | ||
| 245 |
_aTowards good governance _cedited by T.N. Chaturvedi |
||
| 260 |
_aNew Delhi _bIndian Institute of Public Administration _c1999 |
||
| 300 | _a516p. | ||
| 650 | _a(Written off) | ||
| 650 | _aBureaucracy - India | ||
| 650 | _aPublic administration - India | ||
| 650 | _aGood governance | ||
| 700 | _aChaturvedi, T.N. | ||
| 999 |
_c491282 _d491282 |
||